000 00368nam a2200157Ia 4500
003 OSt
005 20240201113355.0
008 170524s9999 xx 000 0 und d
020 _a978-8183181358
040 _cIIMT UNIVERSITY
100 _aSherlekar S A
100 _c2005
245 0 _aGLOBAL DHARMIC MANAGEMENT
260 _aHimalaya Pub. House
942 _2ddc
_c02
999 _c2541
_d2541